000 01871cam a22004334i 4500
003 PE-LiUPU
005 20250731183439.0
008 150706s r 000 0 d
020 _a9709726366
035 _a(Sirsi) i9789709726367
040 _aPE-LiUPU
_bspa
_cPE-LiUPU
_erda
049 _aPRUA
082 0 4 _a747.852
_bE8
_221
245 0 1 _aEspacios en arquitectura :
_boficinas, restaurantes, espacios comerciales.
_n8 /
_cedición, Fernando de Haro, Omar Fuentes ; traducción, Louis Loizides.
264 1 _aMéxico, D.F :
_bArquitectos Mexicanos,
_c2006.
300 _a183 páginas :
_bilustraciones ;
_c29 cm.
336 _atext
_2rdacontent
337 _aunmediated
_2rdamedia
338 _avolume
_2rdacarrier
500 _aParalelo texto español e Inglés.
505 0 _aArquitectos -- Abax -- Arquinteg -- ART arquitectos -- Arteck -- Forma arquitectos -- Grupo arquitectos -- Grupo BAI -- Grupo DER -- Grupo LBC -- Higuera + Sanchez -- Space -- Tarme -- Venguer Arquitectos.
526 _aP158
526 _aP146
526 _aP17
526 _aP12
526 _aP06
541 _g015-0015390;
650 0 4 _aArquitectura moderna
_ySiglo XXI
_zMéxico.
650 0 4 _aArquitectura
_zMéxico
_ySiglo XXI.
700 1 _aHaro Lebrija, Fernando de,
_eed.
700 1 _aFuentes Elizondo, Omar,
_eed.
700 1 _aLoizides, Louis,
_etr.
910 _cbd
_d20130612
942 _2ddc
_cBOOK
949 _a747.852 E8 8
_wDEWEY
_c1
_i67514
_lCCODEBUL1
_mBUL
_p56.00
_r0
_sY
_tBOOK
_u2015-7-6
_xINGENIERIA
_PP06
_o.STAFF. Colección General
994 _aC0
_bPEPRU
596 _a1
999 _a747.852 E8 8
_wDEWEY
_c55145
_i67514
_d55145
_e2016-9-29
_f2021-11-10
_g7
_lCCODEBUL1
_mBUL
_n2
_p56.00
_q1
_r0
_sY
_tBOOK
_u2015-7-6
_xINGENIERIA
_PP06
_o.STAFF. Colección General
980 _81
_gALBERTO SANCHEZ Responsable de Automatización